Measuring the role of tourism in OECD economies <the> OECD manual on tourism satellite accounts and employment

Na minha lista:
Detalhes bibliográficos
Formato: Livro
Idioma:inglês
Publicado em: Paris OECD 2000
Colecção:Enterprise, Industry and Services
Assuntos:
Tags: Adicionar Tag
Sem tags, seja o primeiro a adicionar uma tag!

MARC

LEADER 00000nam a2200000 4500
001 c124049
005 20221221084454.2
020 |a 92-64-18500-3 
041 0 |a eng 
044 |a FR 
245 1 0 |a Measuring the role of tourism in OECD economies  |b <the> OECD manual on tourism satellite accounts and employment 
264 1 |a Paris  |b OECD  |c 2000 
300 |a 270 s. 
490 1 |a Enterprise, Industry and Services 
830 0 |a Enterprise, Industry and Services 
610 2 0 |a turistika 
610 2 0 |a ruch cestovný 
610 2 0 |a dopyt 
610 2 0 |a zamestnanosť 
610 2 0 |a miesta pracovné 
610 2 0 |a vplyvy na prácu 
610 2 0 |a OECD